<?xml version="1.0" encoding="UTF-8"?>
<record
    xmlns:xsi="http://www.w3.org/2001/XMLSchema-instance"
    xsi:schemaLocation="http://www.loc.gov/MARC21/slim http://www.loc.gov/standards/marcxml/schema/MARC21slim.xsd"
    xmlns="http://www.loc.gov/MARC21/slim">

  <leader>01792nam a22003017a 4500</leader>
  <controlfield tag="001">8120</controlfield>
  <controlfield tag="003">FISKH</controlfield>
  <controlfield tag="005">20250827113054.0</controlfield>
  <controlfield tag="008">250827b        cb ||||| |||| 00| 0 eng d</controlfield>
  <datafield tag="020" ind1=" " ind2=" ">
    <subfield code="a">9789996336010</subfield>
  </datafield>
  <datafield tag="040" ind1=" " ind2=" ">
    <subfield code="a">FISKH</subfield>
    <subfield code="b">khr</subfield>
    <subfield code="c">FISKH</subfield>
    <subfield code="d">FISKH</subfield>
  </datafield>
  <datafield tag="050" ind1=" " ind2=" ">
    <subfield code="a">PZ7</subfield>
  </datafield>
  <datafield tag="100" ind1=" " ind2=" ">
    <subfield code="a">Tithseiha, Iem</subfield>
  </datafield>
  <datafield tag="245" ind1=" " ind2=" ">
    <subfield code="a">&#x1780;&#x17D2;&#x178F;&#x17B6;&#x179A;&#x1781;&#x17C0;&#x1793; /</subfield>
    <subfield code="c">&#x17A2;&#x17D2;&#x1793;&#x1780;&#x1793;&#x17B7;&#x1796;&#x1793;&#x17D2;&#x1792; &#x179B;&#x17C4;&#x1780; &#x17A2;&#x17C0;&#x1798; &#x1791;&#x17B7;&#x178F;&#x17D2;&#x1799;&#x179F;&#x17B8;&#x17A0;&#x17B6;&#x200B; ,&#x200B; &#x179C;&#x17B7;&#x1785;&#x17B7;&#x178F;&#x17D2;&#x179A;&#x1780;&#x179A; &#x179B;&#x17C4;&#x1780;&#x200B; &#x1780;&#x17C2;&#x179C; &#x1795;&#x17BB;&#x1793;&#x1795;&#x179B;&#x17D2;&#x179B;&#x17B6;&#x200B;</subfield>
  </datafield>
  <datafield tag="260" ind1=" " ind2=" ">
    <subfield code="a">&#x1797;&#x17D2;&#x1793;&#x17C6;&#x1796;&#x17C1;&#x1789; :</subfield>
    <subfield code="b">Room to Read</subfield>
    <subfield code="c">2011.</subfield>
  </datafield>
  <datafield tag="300" ind1=" " ind2=" ">
    <subfield code="a">14 pages : </subfield>
    <subfield code="b">color illustrations ;</subfield>
    <subfield code="c">25 cm . </subfield>
  </datafield>
  <datafield tag="505" ind1=" " ind2=" ">
    <subfield code="a">O 
</subfield>
  </datafield>
  <datafield tag="520" ind1=" " ind2=" ">
    <subfield code="a">&#x179C;&#x17B7;&#x179A;&#x17C7;&#x1798;&#x17B7;&#x1793;&#x1785;&#x17BC;&#x179B;&#x1785;&#x17B7;&#x178F;&#x17D2;&#x178F;&#x17A1;&#x17BE;&#x1784;&#x1780;&#x17D2;&#x178F;&#x17B6;&#x179A;&#x1781;&#x17C0;&#x1793;&#x1791;&#x17C1; &#x1796;&#x17D2;&#x179A;&#x17C4;&#x17C7;&#x1782;&#x17C1;&#x1798;&#x17B7;&#x1793;&#x1785;&#x17BC;&#x179B;&#x1785;&#x17B7;&#x178F;&#x17D2;&#x178F;&#x1792;&#x17D2;&#x179C;&#x17BE;&#x179B;&#x17C6;&#x17A0;&#x17B6;&#x178F;&#x17CB;&#x17D4; &#x1796;&#x17C1;&#x179B;&#x17A2;&#x17D2;&#x1793;&#x1780;&#x1782;&#x17D2;&#x179A;&#x17BC;&#x17A0;&#x17C5;&#x179C;&#x17B7;&#x179A;&#x17C7;&#x17A2;&#x17C4;&#x1799;&#x17A1;&#x17BE;&#x1784;&#x1792;&#x17D2;&#x179C;&#x17BE;&#x179B;&#x17C6;&#x17A0;&#x17B6;&#x178F;&#x17CB;&#x179B;&#x17BE;&#x1780;&#x17D2;&#x178F;&#x17B6;&#x179A;&#x1781;&#x17C0;&#x1793; &#x1796;&#x17C1;&#x179B;&#x1793;&#x17C4;&#x17C7;&#x1780;&#x17D2;&#x178F;&#x17B6;&#x179A;&#x1781;&#x17C0;&#x1793;&#x178F;&#x17C2;&#x1784;&#x178F;&#x17C2;&#x179F;&#x17BE;&#x1785;&#x1785;&#x17C6;&#x17A2;&#x1780; &#x1789;&#x17B6;&#x1780;&#x17CB;&#x1798;&#x17BB;&#x1781; &#x1789;&#x17B6;&#x1780;&#x17CB;&#x1798;&#x17B6;&#x178F;&#x17CB;&#x178A;&#x17B6;&#x1780;&#x17CB;&#x179C;&#x17B7;&#x179A;&#x17C7; &#x17D4;&#x200B; &#x178F;&#x17BE;&#x1798;&#x17B6;&#x1793;&#x17A2;&#x17D2;&#x179C;&#x17B8;&#x1780;&#x17BE;&#x178F;&#x17A1;&#x17BE;&#x1784;&#x1793;&#x17C5;&#x1796;&#x17C1;&#x179B;&#x178A;&#x17C2;&#x179B;&#x179C;&#x17B7;&#x179A;&#x17C7;&#x1781;&#x17C6;&#x1794;&#x17D2;&#x179A;&#x17B9;&#x1784;&#x179A;&#x17C0;&#x1793;&#x200B; ?</subfield>
  </datafield>
  <datafield tag="520" ind1=" " ind2=" ">
    <subfield code="a">Vireak does not like going to the blackboard to do exercises. When he doesn't  know the answer, the blackboard ridiculules him . Guess what happens when Vireak begins to study hard ? </subfield>
  </datafield>
  <datafield tag="521" ind1="8" ind2=" ">
    <subfield code="a">600 
</subfield>
    <subfield code="b">Lexile estimate 
</subfield>
  </datafield>
  <datafield tag="521" ind1="8" ind2=" ">
    <subfield code="a">O 
</subfield>
    <subfield code="b">Raz-Plus 
</subfield>
  </datafield>
  <datafield tag="650" ind1=" " ind2=" ">
    <subfield code="a">&#x1780;&#x17D2;&#x178F;&#x17B6;&#x179A;&#x1781;&#x17C0;&#x1793; </subfield>
    <subfield code="v">&#x179A;&#x17BF;&#x1784;&#x1793;&#x17B7;&#x1791;&#x17B6;&#x1793;&#x1780;&#x17BB;&#x1798;&#x17B6;&#x179A;</subfield>
  </datafield>
  <datafield tag="650" ind1=" " ind2=" ">
    <subfield code="a">Blackboard </subfield>
    <subfield code="v">Children's stories </subfield>
  </datafield>
  <datafield tag="700" ind1=" " ind2=" ">
    <subfield code="a">Phunphalla, Keo</subfield>
    <subfield code="e">Illustrator </subfield>
  </datafield>
  <datafield tag="700" ind1=" " ind2=" ">
    <subfield code="a">Room to Read Cambodia </subfield>
    <subfield code="e">Editor </subfield>
  </datafield>
  <datafield tag="942" ind1=" " ind2=" ">
    <subfield code="2">ddc</subfield>
    <subfield code="c">KHB</subfield>
    <subfield code="n">0</subfield>
  </datafield>
  <datafield tag="999" ind1=" " ind2=" ">
    <subfield code="c">8120</subfield>
    <subfield code="d">8120</subfield>
  </datafield>
  <datafield tag="952" ind1=" " ind2=" ">
    <subfield code="0">0</subfield>
    <subfield code="1">0</subfield>
    <subfield code="2">ddc</subfield>
    <subfield code="4">0</subfield>
    <subfield code="7">0</subfield>
    <subfield code="a">002</subfield>
    <subfield code="b">002</subfield>
    <subfield code="c">TTP Khmer</subfield>
    <subfield code="d">2025-08-27</subfield>
    <subfield code="l">0</subfield>
    <subfield code="o">TIT PZ7</subfield>
    <subfield code="p">2025-4275</subfield>
    <subfield code="r">2025-08-27 11:28:23</subfield>
    <subfield code="t">1</subfield>
    <subfield code="w">2025-08-27</subfield>
    <subfield code="y">KHB</subfield>
  </datafield>
  <datafield tag="952" ind1=" " ind2=" ">
    <subfield code="0">0</subfield>
    <subfield code="1">0</subfield>
    <subfield code="2">ddc</subfield>
    <subfield code="4">0</subfield>
    <subfield code="7">0</subfield>
    <subfield code="a">002</subfield>
    <subfield code="b">002</subfield>
    <subfield code="c">TTP Khmer</subfield>
    <subfield code="d">2025-11-11</subfield>
    <subfield code="l">0</subfield>
    <subfield code="o">TIT PZ7</subfield>
    <subfield code="p">FISBK04189</subfield>
    <subfield code="r">2025-11-11 13:46:00</subfield>
    <subfield code="t">2</subfield>
    <subfield code="w">2025-11-11</subfield>
    <subfield code="y">KHB</subfield>
  </datafield>
  <datafield tag="952" ind1=" " ind2=" ">
    <subfield code="0">0</subfield>
    <subfield code="1">0</subfield>
    <subfield code="2">ddc</subfield>
    <subfield code="4">0</subfield>
    <subfield code="7">0</subfield>
    <subfield code="a">002</subfield>
    <subfield code="b">002</subfield>
    <subfield code="c">TTP Khmer</subfield>
    <subfield code="d">2025-11-11</subfield>
    <subfield code="l">0</subfield>
    <subfield code="o">TIT PZ7</subfield>
    <subfield code="p">FISBK04188</subfield>
    <subfield code="r">2025-11-11 14:01:37</subfield>
    <subfield code="t">3</subfield>
    <subfield code="w">2025-11-11</subfield>
    <subfield code="y">KHB</subfield>
  </datafield>
</record>
